000 00861nam a2200253Ia 4500
003 OSt
005 20221005112545.0
006 a|||||r|||| 00| 0
007 ta
008 221004b |||||||| |||| 00| 0 pan d
020 _a9789350688267 (hbk)
_c300
024 _a17391
037 _b903, 11/03/2015, H.K. Prakashan
_cTextual
040 _aCRL
_cCRL
_bpan
041 _2pan
_apan
082 _aO153,3N17:g, Q4
100 _aਕ੍ਰਿFਨ, ਕੇਵਲ
_9160121
245 0 _aਬੂਟਾ ਸਿੰਘ Fਾਦ ਦੇ ਛੇ ਦਰਿਆ
260 _aਚੰਡੀਗੜ
_bਲੋਕਗੀਤ ਭਾਰਤ
_c2014
300 _a176ਪੰ
_ccm.
650 _aਪੰਜਾਬੀ ਸਾਹਿਤ
942 _hO153,3N17:g, Q4
_cTEXL
_2cc
999 _c1025235
_d1025235